000
00311nam a22001217a 4500
008
180126b xxu||||| |||| 00| 0 eng d
041
_a
eng
080
_2
12 ED
_a
34
100
_a
15
101
_a
JUR
245
_a
PROSSER WADE AND SCHWARTS TORTS CASES AND MATERIALS
_c
VICTOR.E.SCH
942
_2
udc
_c
BK
999
_c
41037
_d
41037